=LDR 00000nam 2200000 4500 =001 INLIS000000000031251 =005 20210224022651 =035 ##$$a 0010-061300000031251 =008 210224################g##########0#ind## =041 ##$$a Ind =082 ##$$a 338.1 =090 ##$$a 338.1, Suk a =100 #$$a Soekartawi =245 1#$$a Agroindustri dalam perspektif sosial ekonomi, /$c Prof.Dr. Soekartawi =260 ##$$a Jakarta :$b Rajawali Pers,$c 2005 =300 ##$$a xviii, 133 hlm, : $b ilus, ; $c 20 x 14 cm =650 #4$$a Ekonomi Pertanian =850 ##$$a NBPNMAT =020 ##$$a 979-421-676-3 =084 ##$$a 338.1 SOE a =250 ##$$a cet.1 =990 ##$$a 00086998 =990 ##$$a 20902626 =990 ##$$a 20611452 =990 ##$$a 00091265 =990 ##$$a 00085894 =990 ##$$a 20902627 =990 ##$$a 20611453 =990 ##$$a 20611452 =990 ##$$a 00086998 =990 ##$$a 20902626 =990 ##$$a 00091265 =990 ##$$a 00085894 =990 ##$$a 20902627 =990 ##$$a 20611453 =990 ##$$a 20611452 =990 ##$$a 00086998 =990 ##$$a 20902626 =990 ##$$a 20611452 =990 ##$$a 00091265 =990 ##$$a 00085894 =990 ##$$a 20902627 =990 ##$$a 20611453